Propuesta de sistema inteligente para el uso eficiente de la energía eléctrica en el edificio # 03 UNI - FEC
Presenta el rediseño al sistema eléctrico y propuesta de un sistema de control en el edificio # 03 de la FEC para el uso eficiente de la energía eléctrica. Describe una propuesta de un sistema de control para cargas para la iluminación, climatización y sistema de alarma central incendios....
| Main Authors: | , |
|---|---|
| Other Authors: | |
| Format: | Tesis Section = Libro |
| Language: | Undetermined Spanish |
| Published: |
Managua
UNI
2003
|
| Subjects: |
| LEADER | 01203nam a2200265Ia 4500 | ||
|---|---|---|---|
| 008 | 240830s9999 xx 000 0 und d | ||
| 040 | |a BIBLIOTECA-RUSB/ Mon 621.37 G146 | ||
| 041 | |a spa | ||
| 082 | |a Mon 621.37 G146 | ||
| 100 | 1 | |a Galán Ocampo, Bayardo | |
| 100 | 1 | |b Mejía Norori, William | |
| 245 | 1 | 0 | |a Propuesta de sistema inteligente para el uso eficiente de la energía eléctrica en el edificio # 03 UNI - FEC |
| 260 | |a Managua |b UNI |c 2003 | ||
| 300 | |a 130 p. :il. | ||
| 500 | |a Contiene: anexos. | ||
| 502 | |a Tesis (Ingeniero Eléctrico) - UNI, 2003. | ||
| 520 | 3 | |a Presenta el rediseño al sistema eléctrico y propuesta de un sistema de control en el edificio # 03 de la FEC para el uso eficiente de la energía eléctrica. Describe una propuesta de un sistema de control para cargas para la iluminación, climatización y sistema de alarma central incendios. | |
| 650 | 7 | |a USOS Y MEDICIONES DE ENERGIA ELECTRICA - UNI - FEC | |
| 650 | 7 | |b INSTALACIONES ELECTRICAS - AHORRO DE ENERGIA UNI - FEC | |
| 650 | 7 | |c SISTEMA DE CONTROL - ILUMINACION | |
| 650 | 7 | |d SISTEMA DE CLIMATIZACION | |
| 700 | 1 | |a Tutor: |b Peña, Martín | |
| 942 | |c BK |2 ddc | ||
| 991 | |a TESIS | ||
| 999 | |c 20221 | ||